000 00455cam a2200169ua 4500
020 _c40.00
041 _aeng
_h
082 _a538
_bRAT/TH
100 _aRatcliffe, J.A .
245 _aMagneto- Ionic theory and its applications to the Ionosphere /
_cJ.A.Ratcliffe.
_hTextual Documents
260 _a :
_bCambridge at the University Press ,
_c1959.
300 _a206 ; .
365 _a40.00
504 _a
942 _cBK
999 _c1450
_d1450